Islahul Masajid (Record no. 4946)

MARC details
000 -LEADER
fixed length control field 00582nam a2200229 a 4500
020 ## - INTERNATIONAL STANDARD BOOK NUMBER
ISBN
082 00 - DEWEY DECIMAL CLASSIFICATION NUMBER
Classification number 297.65
Author Cutter QUA
100 ## - MAIN ENTRY--AUTHOR NAME
Author name Quasimi, Mohammad Jamaluddin
245 ## - TITLE STATEMENT
Title Islahul Masajid
260 ## - PUBLICATION, DISTRIBUTION, ETC. (IMPRINT)
Place of publication Bombay
Name of publisher Shethia Audio Vidio Pvt. Ltd.
Year of publication 1978
300 ## - PHYSICAL DESCRIPTION
Number of Pages 319p
500 ## - GENERAL NOTE
General note includes index and biblioraphy
650 ## - SUBJECT ADDED ENTRY--TOPICAL TERM
Topical Term Mosque-Institution
942 ## - ADDED ENTRY ELEMENTS (KOHA)
Koha item type Books
700 1# -
-- Quasimi, Mohammad Jamaluddin
Holdings
Collection code Home library Current library Date acquired Cost, normal purchase price Full call number Accession Number Koha item type
  Henry Martyn Institute Library Henry Martyn Institute Library 07/16/2007 100.00 297.65 QUA 09588 Books
                   Copyright © 2026 | Henry Martyn Institute | Hyderabad | TS-500052 | INDIA | Implemented by hmi.edu.in
Hit-Count:

Powered by Koha